[Event "Montserrat op"]
[Site "Montserrat"]
[Date "2023.09.02"]
[Round "8"]
[White "Vilanova Palop, Jorge"]
[Black "Buenafe Moya, Javier"]
[Result "1/2-1/2"]
[WhiteElo "1816"]
[BlackElo "2204"]
[PlyCount "99"]
[EventDate "2023.08.28"]
[EventType "swiss"]
[EventRounds "9"]
[EventCountry "ESP"]
[SourceTitle "EXT 2024"]
[Source "ChessBase"]
[SourceDate "2023.10.10"]
[SourceVersion "1"]
[SourceVersionDate "2023.10.10"]
[SourceQuality "1"]

1. e4 e5 2. Nf3 Nc6 3. Nc3 Nf6 4. d4 exd4 5. Nxd4 Bb4 6. Nxc6 bxc6 7. Qd4 Qe7 8. Bd3 d5 9. 0-0 c5 10. Bb5+ Kf8 11. Qd3 dxe4 12. Nxe4 Bf5 13. f3 Rd8 14. Qe2 h6 15. c3 Ba5 16. Nxf6 Qxe2 17. Bxe2 gxf6 18. Be3 Kg7 19. Rfd1 Rde8 20. Kf2 Bb6 21. Bb5 Re7 22. Rd2 h5 23. Rad1 Be6 24. b3 c4 25. Bxb6 cxb6 26. b4 Rc8 27. Rd4 a5 28. bxa5 bxa5 29. Rh4 Rc5 30. a4 Kg6 31. Rhd4 f5 32. Rd6 Ra7 33. R1d4 Kf6 34. Rxc4 Rxc4 35. Bxc4 Rc7 36. Bb5 Rxc3 37. Ra6 f4 38. h4 Rc2+ 39. Kg1 Ke5 40. Rxa5 Bd5 41. Bd3 Rc1+ 42. Kh2 Kd4 43. Be4 Bxe4 44. fxe4 Kxe4 45. Rxh5 Rc2 46. Rb5 f3 47. Rb4+ Kf5 48. Kg3 fxg2 49. Kh2 Ra2 50. Kg1 1/2-1/2

[Event "Almansa op-B"]
[Site "Almansa"]
[Date "2022.08.11"]
[Round "4"]
[White "Vilanova Palop, Jorge"]
[Black "Sanchez Fernandez, Jose Joaquin"]
[Result "0-1"]
[WhiteElo "1784"]
[BlackElo "1967"]
[PlyCount "118"]
[EventDate "2022.08.10"]
[EventType "swiss"]
[EventRounds "8"]
[EventCountry "ESP"]
[SourceTitle "CBM 210 Extra"]
[Source "ChessBase"]
[SourceDate "2022.11.30"]
[SourceVersion "1"]
[SourceVersionDate "2022.11.30"]
[SourceQuality "1"]

1. e4 c5 2. Nc3 Nc6 3. Nf3 g6 4. Bb5 Nd4 5. Nxd4 cxd4 6. Ne2 Bg7 7. 0-0 a6 8. Bc4 e6 9. d3 Ne7 10. Ng3 h5 11. f4 h4 12. Nh1 Qc7 13. Nf2 b5 14. Bb3 Bb7 15. Nh3 f5 16. e5 a5 17. a4 b4 18. Ng5 Bh6 19. Nf3 h3 20. g3 Qc5 21. Qe2 Bd5 22. Nd2 Bg2 23. Rf2 Nd5 24. Bxd5 Qxd5 25. Nc4 Ke7 26. Nb6 Qc5 27. Nxa8 Bxa8 28. Kf1 Rc8 29. Bd2 Kf7 30. Rc1 Qd5 31. Ke1 Bf8 32. b3 Be7 33. g4 Bh4 34. Kd1 Bxf2 35. Qxf2 fxg4 36. Ke2 Qf3+ 37. Qxf3 Bxf3+ 38. Kf2 Rc5 39. Kg3 g5 40. Kf2 Kg6 41. fxg5 Rxe5 42. Bf4 Rc5 43. Ke1 e5 44. Bg3 Kf5 45. Kd2 Kxg5 46. Re1 Kf5 47. Bf2 Rc6 48. Bg3 Re6 49. Bf2 Rg6 50. Bg3 d6 51. Kc1 Ke6 52. Kd2 Kd5 53. Kc1 Rg5 54. Kd2 Rf5 55. Bh4 Bg2 56. Ke2 Rf3 57. Rg1 g3 58. hxg3 h2 59. Rxg2 Re3+ 0-1